[Event "Prague Summer Holiday K1"]
[Site "Prague"]
[Date "2022.07.28"]
[Round "7"]
[White "Hurtak, Otto"]
[Black "Zacek, Petr"]
[Result "1-0"]
[WhiteElo "1957"]
[BlackElo "1867"]
[PlyCount "103"]
[EventDate "2022.07.24"]
[EventType "tourn"]
[EventRounds "9"]
[EventCountry "CZE"]
[SourceTitle "CBM 209 Extra"]
[Source "ChessBase"]
[SourceDate "2022.09.30"]
[SourceVersion "1"]
[SourceVersionDate "2022.09.30"]
[SourceQuality "1"]

1. c4 c5 2. Nc3 Nc6 3. g3 Nf6 4. Bg2 d6 5. d3 g6 6. e4 Bg7 7. Nge2 0-0 8. 0-0 e5 9. h3 a6 10. Bg5 h6 11. Be3 Nd4 12. f4 Rb8 13. fxe5 dxe5 14. g4 Ne8 15. Qd2 Kh7 16. g5 h5 17. Nd5 Be6 18. Nxd4 cxd4 19. Bf2 Bxd5 20. exd5 f6 21. gxf6 Bxf6 22. Qe2 Nd6 23. Bg3 Re8 24. c5 Nf5 25. Rxf5 gxf5 26. Qxh5+ Kg7 27. Qxf5 Qc8 28. Be4 Qxf5 29. Bxf5 Rbd8 30. Be6 Rxe6 31. dxe6 Re8 32. b4 Rxe6 33. a4 e4 34. dxe4 Rxe4 35. Re1 d3 36. Rxe4 d2 37. Re1 Bd4+ 38. Kg2 dxe1Q 39. Bxe1 Kg6 40. Bf2 Be5 41. b5 Kf6 42. c6 axb5 43. axb5 bxc6 44. bxc6 Ke6 45. Bg3 Bf6 46. Kf3 Ke7 47. Kg4 Ke6 48. h4 Bc3 49. h5 Bf6 50. c7 Kd7 51. Kf5 Bc3 52. h6 1-0

[Event "CZE-ch Betsys Online Blitz"]
[Site "Chess.com INT"]
[Date "2021.04.17"]
[Round "13"]
[White "Stein, Michael1"]
[Black "Zacek, Petr"]
[Result "0-1"]
[WhiteElo "1115"]
[BlackElo "1921"]
[PlyCount "86"]
[EventDate "2021.04.17"]
[EventType "swiss (blitz)"]
[EventRounds "13"]
[EventCountry "CZE"]
[SourceTitle "CBM 201 Extra"]
[Source "ChessBase"]
[SourceDate "2021.05.31"]
[SourceVersion "1"]
[SourceVersionDate "2021.05.31"]
[SourceQuality "1"]

1. e4 e6 2. d4 d5 3. e5 c5 4. c3 Nc6 5. f4 Qb6 6. Nf3 cxd4 7. cxd4 Nge7 8. Nc3 Nf5 9. Na4 Qd8 10. Nc3 Be7 11. h3 Ng3 12. Rg1 Nxf1 13. Kxf1 b6 14. Kf2 0-0 15. Rf1 f6 16. Kg1 Ba6 17. Rf2 fxe5 18. fxe5 Rc8 19. Be3 Qe8 20. a3 Qh5 21. b4 Bb7 22. Ne2 a6 23. Nf4 Qf7 24. Rc1 h6 25. Kh1 Na7 26. Rfc2 Nb5 27. a4 Na3 28. Rxc8 Rxc8 29. Rxc8+ Bxc8 30. Qc1 Nc4 31. Nd2 b5 32. axb5 axb5 33. Nxc4 dxc4 34. Qc3 Bg5 35. g3 Bb7+ 36. Kg1 Qf5 37. Qa3 Qe4 38. Qa7 Bxf4 39. Qb8+ Kh7 40. Kf1 Bxe3 41. Qd6 Qd3+ 42. Ke1 Qd2+ 43. Kf1 Qf2# 0-1

[Event "CZE-ch Betsys Online Blitz"]
[Site "Chess.com INT"]
[Date "2021.04.17"]
[Round "3"]
[White "Zacek, Petr"]
[Black "Mikolas, Petr"]
[Result "1-0"]
[WhiteElo "1921"]
[BlackElo "1469"]
[PlyCount "53"]
[EventDate "2021.04.17"]
[EventType "swiss (blitz)"]
[EventRounds "13"]
[EventCountry "CZE"]
[SourceTitle "CBM 201 Extra"]
[Source "ChessBase"]
[SourceDate "2021.05.31"]
[SourceVersion "1"]
[SourceVersionDate "2021.05.31"]
[SourceQuality "1"]

1. d4 Nf6 2. Bg5 h6 3. Bxf6 gxf6 4. e4 Bg7 5. c3 e5 6. Nf3 c6 7. Bd3 Qb6 8. Qc2 d6 9. 0-0 Bg4 10. dxe5 fxe5 11. Nbd2 Bf6 12. Nc4 Bxf3 13. Nxb6 Rg8 14. g3 axb6 15. Be2 Bxe2 16. Qxe2 Rg5 17. a3 Nd7 18. f4 Ke7 19. fxg5 Ke8 20. gxf6 d5 21. Qg4 Kf8 22. Qg7+ Ke8 23. Qg8+ Nf8 24. Rf5 dxe4 25. Rxe5+ Kd7 26. Qxf7+ Kd6 27. Qe7# 1-0

[Event "CZE-ch Betsys Online Blitz"]
[Site "Chess.com INT"]
[Date "2021.04.17"]
[Round "12"]
[White "Zacek, Petr"]
[Black "Soucek, Andrej"]
[Result "0-1"]
[WhiteElo "1921"]
[BlackElo "1141"]
[PlyCount "58"]
[EventDate "2021.04.17"]
[EventType "swiss (blitz)"]
[EventRounds "13"]
[EventCountry "CZE"]
[SourceTitle "CBM 201 Extra"]
[Source "ChessBase"]
[SourceDate "2021.05.31"]
[SourceVersion "1"]
[SourceVersionDate "2021.05.31"]
[SourceQuality "1"]

1. d4 Nf6 2. Nf3 d5 3. c4 c6 4. Nc3 Bf5 5. Bg5 e6 6. cxd5 cxd5 7. e3 Bb4 8. Qb3 Qb6 9. Bxf6 gxf6 10. a3 Bxc3+ 11. Qxc3 Nc6 12. Be2 Na5 13. b4 Nc6 14. Nh4 Bg6 15. Nxg6 fxg6 16. 0-0 0-0 17. f4 a5 18. b5 Ne7 19. a4 Nf5 20. g4 Rac8 21. Qe1 Nxe3 22. Qh4 Qxd4 23. Kh1 Qe4+ 24. Rf3 Rc2 25. Qe1 Nxg4 26. Bd1 Rxh2+ 27. Kg1 Qd4+ 28. Kf1 Rh1+ 29. Ke2 Qe4+ 0-1

[Event "Hradec Kralove op 10th"]
[Site "Hradec Kralove"]
[Date "2019.10.28"]
[Round "3"]
[White "Weinzettl, Ernst"]
[Black "Zacek, Petr"]
[Result "1/2-1/2"]
[WhiteElo "2170"]
[BlackElo "1871"]
[PlyCount "52"]
[EventDate "2019.10.26"]
[EventType "swiss"]
[EventRounds "9"]
[EventCountry "CZE"]
[SourceTitle "CBM 193 Extra"]
[Source "ChessBase"]
[SourceDate "2020.01.31"]
[SourceVersion "1"]
[SourceVersionDate "2020.01.31"]
[SourceQuality "1"]

1. e4 d6 2. d4 Nf6 3. Nc3 c6 4. f4 g6 5. Nf3 Bg7 6. Bd3 0-0 7. 0-0 Bg4 8. Be3 Nbd7 9. h3 Bxf3 10. Qxf3 a6 11. e5 Ne8 12. Ne4 d5 13. Ng5 e6 14. Qg4 Qe7 15. Rae1 c5 16. c3 Nc7 17. f5 exf5 18. Bxf5 Nb6 19. Bf2 h6 20. Nxf7 Qxf7 21. Bxg6 Qf4 22. dxc5 Qxg4 23. hxg4 Nc4 24. e6 Nd2 25. Bf7+ Kh7 26. Bg3 Nxe6 1/2-1/2

[Event "Ceske Budejovice op"]
[Site "Ceske Budejovice"]
[Date "2019.07.06"]
[Round "8"]
[White "Zacek, Petr"]
[Black "Chval, Zdenek1"]
[Result "1/2-1/2"]
[WhiteElo "1883"]
[BlackElo "1667"]
[PlyCount "42"]
[EventDate "2019.06.29"]
[EventType "swiss"]
[EventRounds "9"]
[EventCountry "CZE"]
[SourceTitle "CBM 191 Extra"]
[Source "ChessBase"]
[SourceDate "2019.09.30"]
[SourceVersion "1"]
[SourceVersionDate "2019.09.30"]
[SourceQuality "1"]

1. d4 Nf6 2. Nf3 g6 3. g3 Bg7 4. Bg2 0-0 5. 0-0 d6 6. c4 c5 7. d5 Nbd7 8. Nc3 a6 9. e4 Rb8 10. Qe2 b5 11. Rb1 Qa5 12. Nd2 Ne5 13. h3 e6 14. a3 Nxc4 15. Nxc4 bxc4 16. Qxc4 exd5 17. Nxd5 Nxd5 18. Qxd5 Be6 19. Qd3 Rfd8 20. b4 cxb4 21. axb4 Qa2 1/2-1/2

[Event "Ceske Budejovice op"]
[Site "Ceske Budejovice"]
[Date "2019.06.30"]
[Round "2"]
[White "Karasek, Lukas"]
[Black "Zacek, Petr"]
[Result "1-0"]
[WhiteElo "2278"]
[BlackElo "1883"]
[PlyCount "51"]
[EventDate "2019.06.29"]
[EventType "swiss"]
[EventRounds "9"]
[EventCountry "CZE"]
[SourceTitle "CBM 191 Extra"]
[Source "ChessBase"]
[SourceDate "2019.09.30"]
[SourceVersion "1"]
[SourceVersionDate "2019.09.30"]
[SourceQuality "1"]

1. e4 c5 2. Nf3 Nc6 3. Bb5 d6 4. 0-0 Bd7 5. c3 Nf6 6. Re1 g6 7. h3 Bg7 8. d4 cxd4 9. cxd4 0-0 10. Nc3 Rc8 11. Bg5 a6 12. Bf1 e5 13. Qd2 Re8 14. dxe5 dxe5 15. Rad1 Be6 16. Nd5 b5 17. a4 Rb8 18. axb5 axb5 19. Qc1 Bxd5 20. Rxd5 Qc7 21. Rc5 Rbc8 22. Bxb5 Re6 23. Nxe5 Nxe4 24. Rxe4 Bxe5 25. Rexe5 Rxe5 26. Rxc6 1-0

[Event "Chess Holiday 2017 K21"]
[Site "Prague"]
[Date "2017.07.28"]
[Round "9"]
[White "Zacek, Petr"]
[Black "Vlkova, Anezka"]
[Result "1/2-1/2"]
[WhiteElo "1939"]
[BlackElo "1828"]
[PlyCount "45"]
[EventDate "2017.07.23"]
[EventType "tourn"]
[EventRounds "9"]
[EventCountry "CZE"]
[SourceTitle "EXT 2024"]
[Source "ChessBase"]
[SourceDate "2023.10.10"]
[SourceVersion "1"]
[SourceVersionDate "2023.10.10"]
[SourceQuality "1"]

1. c4 e5 2. Nc3 Nc6 3. g3 g6 4. Bg2 Bg7 5. e4 d6 6. d3 Nge7 7. Nge2 0-0 8. 0-0 f5 9. Be3 Be6 10. f4 fxe4 11. Nxe4 Nf5 12. Bd2 Rb8 13. Ng5 Ncd4 14. Nxd4 Nxd4 15. fxe5 Bxe5 16. Nxe6 Rxf1+ 17. Qxf1 Nxe6 18. Bd5 Qd7 19. Qh3 Re8 20. Re1 c6 21. Bxe6+ Qxe6 22. Qxe6+ Rxe6 23. h3 1/2-1/2

[Event "Prague Summer op 2nd"]
[Site "Prague"]
[Date "2015.08.09"]
[Round "3"]
[White "Zacek, Petr"]
[Black "Sergienko, Sergey"]
[Result "0-1"]
[WhiteElo "2023"]
[BlackElo "2359"]
[PlyCount "86"]
[EventDate "2015.08.07"]
[EventType "swiss"]
[EventRounds "9"]
[EventCountry "CZE"]
[SourceTitle "CBM 167 Extra"]
[Source "ChessBase"]
[SourceDate "2015.09.14"]
[SourceVersion "1"]
[SourceVersionDate "2015.09.14"]
[SourceQuality "1"]

1. d4 Nf6 2. f4 g6 3. Nf3 Bg7 4. e3 0-0 5. c4 c5 6. Nc3 cxd4 7. Nxd4 d5 8. Qb3 Nc6 9. c5 e6 10. Qd1 Nd7 11. Nb3 Qh4+ 12. g3 Qe7 13. Bg2 Nxc5 14. 0-0 b6 15. Nd4 Bb7 16. Nf3 Rac8 17. Ne1 Rfd8 18. Nb5 Ba6 19. a4 Na5 20. Rf2 Ncb3 21. Rb1 Bxb5 22. axb5 Qc5 23. Bd2 Nxd2 24. Qxd2 Nc4 25. Qe2 Qxb5 26. b3 Na3 27. Qxb5 Nxb5 28. b4 Rc3 29. Ra2 Rxe3 30. Nc2 Re2 31. Bf1 Nd4 32. Bxe2 Nxe2+ 33. Kf1 Nc3 34. Rba1 Nxa2 35. Rxa2 Rc8 36. Ke2 h5 37. Kd3 Rc3+ 38. Kd2 Rc7 39. b5 Bc3+ 40. Kd3 Kg7 41. Ra3 Bb2 42. Ra2 Rc3+ 43. Kd2 Rb3 0-1

[Event "Cesky Krumlov op 4th"]
[Site "Cesky Krumlov"]
[Date "2010.11.28"]
[Round "9"]
[White "Zacek, Petr"]
[Black "Majer, Frantisek"]
[Result "1-0"]
[WhiteElo "1698"]
[BlackElo "1723"]
[PlyCount "39"]
[EventDate "2010.11.21"]
[EventType "swiss"]
[EventRounds "9"]
[EventCountry "CZE"]
[SourceTitle "CBM 139 Extra"]
[Source "ChessBase"]
[SourceDate "2011.01.05"]
[SourceVersion "1"]
[SourceVersionDate "2011.01.05"]
[SourceQuality "1"]

1. e4 c5 2. c3 Nc6 3. d4 cxd4 4. cxd4 d5 5. exd5 Qxd5 6. Nf3 Bg4 7. Nc3 Qa5 8. Be2 0-0-0 9. 0-0 Bxf3 10. Bxf3 Nxd4 11. Bd2 Nxf3+ 12. gxf3 e6 13. Rc1 Kb8 14. Ne4 Qb6 15. Be3 Qa5 16. Bd2 Qd5 17. Bf4+ e5 18. Bxe5+ Ka8 19. Qxd5 Be7 20. Qxd8+ 1-0

[Event "Cesky Krumlov op 4th"]
[Site "Cesky Krumlov"]
[Date "2010.11.26"]
[Round "7"]
[White "Zacek, Petr"]
[Black "Jenicek, Jaromir"]
[Result "0-1"]
[WhiteElo "1698"]
[BlackElo "1841"]
[PlyCount "32"]
[EventDate "2010.11.21"]
[EventType "swiss"]
[EventRounds "9"]
[EventCountry "CZE"]
[SourceTitle "CBM 139 Extra"]
[Source "ChessBase"]
[SourceDate "2011.01.05"]
[SourceVersion "1"]
[SourceVersionDate "2011.01.05"]
[SourceQuality "1"]

1. e4 g6 2. d4 Bg7 3. Nf3 Nf6 4. e5 Nd5 5. Bc4 c6 6. Bb3 0-0 7. 0-0 d6 8. c4 Nc7 9. Bf4 Ne6 10. Qd2 Nxf4 11. Qxf4 h5 12. Nc3 dxe5 13. dxe5 Nd7 14. Rad1 Qc7 15. Rfe1 Nc5 16. Rd3 Nxd3 0-1